000
00298nam a22000977a 4500
005
20250901165613.0
008
240321b |||||||| |||| 00| 0 eng d
050
_a
TK5105.5 .K54 2005
245
_a
DATA COMMUNICATION AND COMPUTER NETWORKS
_c
Kiema, S.
942
_2
lcc
_h
TK5105.5 .K54 2005
999
_c
6558
_d
6558